000 00853nam a2200205 i 4500
001 177446
003 ES-MaACL
005 20230906220330.0
008 110323s2010 sp |||| | spa d
080 _a821.134.2"19"(082.2)
245 0 0 _aIX Certamen de Relato Corto "Ayuntamiento de Coslada"
_b. XXVII Certamen de poesía "La Bufanda". VII Certamen de Escritura Rápida "Ayuntamiento de Coslada".
260 _aCoslada [Madrid] :
_bAyuntamiento de Coslada, Concejalía de Cultura,
_c2010.
300 _a95 p. ;
_c21 cm.
650 4 _aLiteratura española-
_yS.XX.
_9148763
650 4 _aPoesías españolas-
_yS.XX.
_916221
710 2 _aCoslada.
_bAyuntamiento.
_9137527
730 0 _aXXVII Certamen de Poesía "La Bufanda"
_9145838
730 0 _aVII Certamen de Escritura Rápida "Ayuntamiento de Coslada"
_9145839
852 _aES-MaACL
_j2305-F-16
999 _c177446
_d177446